000 00908nmm a2200265 a 4500
001 ocm000780014
003 TR-IsHL
005 20201028152949.0
008 140311s2009 tu tur
007 cr cn
020 _a9789756476666
035 _a780014
_b(N$T)
050 0 4 _aBJ1291
_b.Ö99 2009
090 0 4 _aBJ1291
_b.Ö99 2009
100 1 _aÖzyazıcı, Alparslan
245 1 0 _aBilim diliyle Allah birdir ahiret vardır: canlılar âleminden tevhid ve haşir örnekleri
_h[electronic resource] /
_cAlparslan Özyazıcı
260 _aİstanbul :
_bCihan Yayınları,
_c2009
300 _a96 p.
650 4 _aFelsefe, Psikoloji ve Din
650 4 _aPhilosophy, Psychology and Religion
650 0 _aİslam dini
650 0 _aIslam
650 7 _aRELIGION / Islam / General
_2bisacsh
856 4 0 _uhttp://search.ebscohost.com/login.aspx?direct=true&scope=site&db=e011xww&AN=780014
999 _c11802
_d11802